000 01253cam a22003373a 4500
001 23321
003 PGUSA
005 20140828083509.0
008 071104s2007||||xxu|||||s|||||000 | eng d
040 _aPGUSA
_beng
042 _adc
050 4 _aE151
100 1 _aFlickinger, Robert Elliott,
_d1846-
245 1 4 _aThe Choctaw Freedmen ;
_band, The Story of Oak Hill Industrial Academy
_h[electronic resource] /
_cRobert Elliott Flickinger
260 _bProject Gutenberg,
_c2007
506 _aPublic domain in the USA.
516 _aElectronic text
653 _aValliant (Okla.) -- Church history
653 _aAfrican Americans -- Education -- Oklahoma -- History
653 _aAlice Lee Elliott Memorial School -- History
653 _aFreedmen -- Oklahoma -- History
653 _aValliant (Okla.) -- Biography
653 _aFive Civilized Tribes -- History
653 _aAfrican Americans -- Oklahoma -- History
653 _aValliant (Okla.) -- History
653 _aReligion in the public schools -- United States -- History
653 _aPresbyterian Church in the U.S.A. Board of Missions for Freedmen -- History
830 0 _aProject Gutenberg
_v23321
856 4 0 _uhttp://www.gutenberg.org/ebooks/23321
942 _cEB
999 _c252576
_d252576